Antarastriya Atankvad (Record no. 438586)

000 -LEADER
fixed length control field 00308cam a22001097a 4500
008 - FIXED-LENGTH DATA ELEMENTS--GENERAL INFORMATION
fixed length control field 180718b2002 xxu||||| |||| 00| 0 eng d
020 ## - INTERNATIONAL STANDARD BOOK NUMBER
International Standard Book Number 81 7910 010 3
100 ## - MAIN ENTRY--PERSONAL NAME
Personal name Khandela, Man Chand
245 ## - TITLE STATEMENT
Title Antarastriya Atankvad
Statement of responsibility, etc. by Man Chand Khandela
260 ## - PUBLICATION, DISTRIBUTION, ETC.
Place of publication, distribution, etc. Jaipur
Name of publisher, distributor, etc. Aaviskar Publishers
Date of publication, distribution, etc. 2002
300 ## - PHYSICAL DESCRIPTION
Extent 191p.
Holdings
Withdrawn status Lost status Damaged status Not for loan Permanent Location Current Location Date acquired Total Checkouts Barcode Date last seen Date last checked out Price effective from Koha item type
        Indian Institute of Public Administration Indian Institute of Public Administration 2010-04-10 1 77385 2019-11-13 2019-10-31 2018-07-21 Book

Powered by Koha